[Event "Zalakaros op 23rd"]
[Site "Zalakaros"]
[Date "2004.05.20"]
[Round "7"]
[White "Balasko, Jozsef"]
[Black "Orkenyi, Robert"]
[Result "0-1"]
[WhiteElo "1801"]
[BlackElo "1561"]
[PlyCount "132"]
[EventDate "2004.05.14"]
[EventType "swiss"]
[EventRounds "9"]
[EventCountry "HUN"]
[SourceTitle "EXT 2008"]
[Source "ChessBase"]
[SourceDate "2007.11.25"]
[SourceVersion "1"]
[SourceVersionDate "2007.11.25"]
[SourceQuality "1"]

1. Nf3 Nf6 2. g3 g6 3. Bg2 d5 4. d3 Bg7 5. 0-0 0-0 6. h3 c5 7. Bg5 Nbd7 8. Qd2 Re8 9. Nc3 d4 10. Nb5 Qb6 11. c4 a6 12. Na3 Qd6 13. Bxf6 Bxf6 14. Nc2 Rb8 15. Rab1 b5 16. b3 b4 17. Nce1 Bb7 18. Qh6 Bg7 19. Qh4 h6 20. e4 dxe3 21. fxe3 g5 22. Nxg5 hxg5 23. Qxg5 Bxg2 24. Kxg2 Rb6 25. Nf3 Qg6 26. Qf4 Bc3 27. Ng5 Be5 28. Qxf7+ Qxf7 29. Nxf7 Rf6 30. Nxe5 Nxe5 31. d4 Nd7 32. Rfd1 Ref8 33. Rb2 Rd6 34. d5 Nf6 35. Re1 Ne4 36. g4 Kg7 37. h4 Kg6 38. Rh1 Rdf6 39. Re1 Rf2+ 40. Rxf2 Rxf2+ 41. Kg1 Rxa2 42. Rf1 Rb2 43. Rf4 Nf6 44. g5 Nh5 45. Re4 Kf7 46. Re6 Rxb3 47. g6+ Kg7 48. Rxe7+ Kxg6 49. Re6+ Kf7 50. Re5 Nf6 51. d6 a5 52. Rxc5 a4 53. Rf5 Ke6 54. Rf1 Rxe3 55. c5 Rc3 56. Rb1 b3 57. Re1+ Kd7 58. Re7+ Kc6 59. Rc7+ Kd5 60. d7 Nxd7 61. Rxd7+ Kxc5 62. Rc7+ Kb4 63. Rb7+ Ka3 64. h5 Rh3 65. Rb5 b2 66. Kg2 Rxh5 0-1

[Event "Zalakaros op 23rd"]
[Site "Zalakaros"]
[Date "2004.05.14"]
[Round "1"]
[White "Orkenyi, Robert"]
[Black "Valenta, Vit"]
[Result "0-1"]
[WhiteElo "1561"]
[BlackElo "2179"]
[PlyCount "80"]
[EventDate "2004.05.14"]
[EventType "swiss"]
[EventRounds "9"]
[EventCountry "HUN"]
[SourceTitle "EXT 2008"]
[Source "ChessBase"]
[SourceDate "2007.11.25"]
[SourceVersion "1"]
[SourceVersionDate "2007.11.25"]
[SourceQuality "1"]

1. e4 e5 2. Nf3 Nc6 3. Bb5 a6 4. Ba4 Nf6 5. 0-0 Be7 6. Re1 b5 7. Bb3 0-0 8. c3 d5 9. exd5 e4 10. dxc6 exf3 11. Qxf3 Bg4 12. Qe3 Re8 13. d4 Bd6 14. Qd2 Bf4 15. Re3 Qd6 16. Qe1 Bxe3 17. Bxe3 Be6 18. Bc2 Bd5 19. h3 Nh5 20. Nd2 Nf4 21. Nf1 Nxg2 22. Qd2 Nh4 23. Nh2 Qxh2+ 24. Kxh2 Nf3+ 25. Kg3 Nxd2 26. Bxd2 Re2 27. Rd1 Rae8 28. Bd3 R2e6 29. a4 Rf6 30. Bf4 Bxc6 31. axb5 axb5 32. Rd2 g5 33. Bxg5 Rf3+ 34. Kg4 Re1 35. Bxb5 Rg1+ 36. Kh4 Bxb5 37. d5 Bf1 38. Kh5 Bxh3 39. Bh4 Bg4+ 40. Kh6 Rf5 0-1